000 00719nam a2200265Ia 4500
001 Para_519
003 CHAP
008 220125s1989 xx 000 0 und d
010 _a199274
040 _cCHAP
082 _aPA 574.192 L3
100 _aDryer, Robert L.
_934275
245 _aExperimental biochemistry /
_c by Robert L. Dryer and Gene F. Lata
260 _aNew York :
_b University Press
300 _a514 p.
650 _aBioquĂ­mica
_x manuales de laboratorio
_912860
700 _aLata, Gene F.
_9164566
901 _aPA 574.192 L3
902 _aA
905 _a0000001989 a 0000000000 00
910 _a1989
942 _cPARA
942 _cPARA
_d1
999 _c199274
_d199274